000 00505nam a2200169 i 4500
001 149431
003 ES-MaACL
005 20230906203112.0
007 t|
008 071022s1973 sp |||| | spa d
100 1 _aVela de Almazán, Cristóbal.
_9113684
245 1 0 _aZen y macrobiotismo oriental del principio único /
_cCristobal Vela de Almazán.
260 _a[Madrid :
_bs.n.,
_c1973] (
_fImp. Aro)
300 _a182 p. ;
_c19 cm.
650 0 4 _aBudismo Zen.
_910639
852 _aES-MaACL
_jC-53241
999 _c149431
_d149431